000 00421nam a2200145 4500
001 133191
003 ES-MaACL
005 20230906194338.0
007 t|
008 070214s1906 po r ||||1| spa d
100 1 _aRubio Amoedo, Luis.
_9100383
245 1 0 _aExpansión nacional
_b: proyecto de Escuela EspaƱola en Lisboa /
_cLuis Rubio Amoedo.
260 _aLisboa :
_b[s. n.],
_c1906.
852 _aES-MaACL
_jT-1065-F-3
999 _c133191
_d133191